Statistics for Element Symbol by letter "B"

Click here to take the quiz!

General Stats

  • This quiz has been taken 22 times
  • The average score is 6 of 7

Answer Stats

HintAnswer% Correct
BBoron
100%
BeBeryllium
91%
BrBromine
91%
BaBarium
82%
BiBismuth
82%
BkBerkelium
73%
BhBohrium
73%

Score Distribution

Percentile by Number Answered

Percent of People with Each Score

Your Score History

You have not taken this quiz